| 000 | 00493nam a22001817a 4500 | ||
|---|---|---|---|
| 003 | CEME | ||
| 005 | 20210628205447.0 | ||
| 008 | 210316b xxu||||| |||| 00| 0 eng d | ||
| 020 | _a0-201-52251-9 | ||
| 040 | _c. | ||
| 082 | _a530.1 TRE'E | ||
| 100 |
_aEllis, P. J Tang, Y. C _975664 |
||
| 245 | _aTrends in theoretical physics | ||
| 260 |
_aNEWYORK _bADDISON WESLEY _c1991 |
||
| 300 | _aXII, 399P | ||
| 650 |
_aMATHEMATICAL PHYSICS ASTROPHYSICS NUCLEAR PHYSICS _975665 |
||
| 942 |
_cBK _2ddc |
||
| 999 |
_c581057 _d581057 |
||